00800nam a2200217 a 450000100100000000500170001000800410002702000150006804000250008308200160010810000280012424000410015224500950019325000110028826000570029930000210035650000270037770000470040495201140045199900170056500003609320200930074854.0111207s1983 mx 000 0 spa d a9682606624 aDO-SdBNPbspacBNPHU axxxxbL666c1 aLevitt, Theodore96213110aThe marketing imaginationlEspañol10aComercialización creativa. /cTheodore Levitt; traducido por Jorge Gutierrez Villarreal. a2a ed. aMéxico :bCompañia Editorial Continental,c1983. a191 p. ;c23 cm. aTraducido del inglés1 aGutiérrez Villarreal, Jorge,etr.962132 001050718MOaGRbGRcCTd2011-12-07iLF1l0oxxxx L666cp36093-10r2020-06-25w2020-06-25y1ZNo se presta c35584d35584